000 00433nam a2200145 i 4500
001 84697
003 ES-MaACL
007 t|
008 041123s1912 xxu ||||1| eng d
100 1 _aJenks, Edward.
_966302
245 1 2 _aA history of the australasian colonies
_b: (from their fundation to the year 1911) /
_cEdward Jenks.
260 _aCambridge :
_b[s.n.,
_c1912]
300 _aXIX, 376 p. ;
_c19 cm.
852 _aES-MaACL
_jC-988
999 _c84697
_d84697